1261 1253 1216 1586 1860 1888 1865 1289 1483 1748 1184 1307 1079 1770 1037 1538 1142 1221 1683 1880 1416 1289 1206 1089 1297 1666 1159 1234 1952 1953 1850 1286 1281 1351 1315 1506 1999 1010 1374 1895 1937 1153 1532 1334 1392 1472 1777 1234 1266 1020 1817 1311 1322 1019 1422 1369 1473 1454 1911 1489 1075 1544 1720 1910 1363 1567 1457 1994 1200 1476 1927 1981 1367 1405 1223 1580 1856 1151 1901 1561 1991 1443 1006 1227 1450 1829 1548 1777 1244 1193 1076 1767 1896 1507 1979 1060 1196 1416 1941 BCNSPRNW ULIB Ver.6.0+V

เปลี่ยนเป็นภาษาไทย

Change to English
 แสดงรายละเอียดบรรณานุกรม
  กลับหน้าหลัก

Brief Record : Get Marc (ISO 2709) : E-mail record : QR code < ปิดหน้าต่าง
LEADER : 00000nam 2200000uu 4500
001    13399114966
003     ULIB
008    120626s2553||||th 000 0 tha d
020    ^a9789749491669
020    ^a9749491661
050  4 ^aBF637.S8^bอ598ด ล.1
100 0  ^aอาจอง ชุมสาย ณ อยุธยา
245 10 ^aด้วยรักบันดาล...นิทานสีขาว เล่ม 1 /^cเล่าเรื่องโดย อาจอง ชุมสาย ณ อยุธยา ;สุพัตรา แซ่ลิ่ม เรียบเรียง ;[บรรณาธิการ อิศวเรศ ตโมนุท]
250    ^aพิมพ์ครั้งที่ 9
260    ^aกรุงเทพฯ :^bฟรีมายด์,^c2553
300    ^a219 หน้า :^bภาพประกอบ
650  4 ^aนิทานสอนใจ
650  4 ^aการดำเนินชีวิต
650  4 ^aความสำเร็จ
650  4 ^aนิทานคติธรรม
700 0  ^aสุพัตรา แซ่ลิ่ม
700 0  ^aอิศวเรศ ตโมนุท,^eบรรณาธิการ
945    ^p185^l0^i19120
945    ^p185^l0^i19121
995    ^aเกษร
999    ^aใช้งานได้ทุกระบบ
รายการนี้ยังไม่มีแท็ก
คุณยังไม่ได้ล็อกอิน คุณสามารถมีกิจกรรมร่วมกับเว็บไซต์ได้ แต่ต้องล็อกอินก่อน ::
  ล็อกอิน

รายการสื่อสารสนเทศ

ลำดับที่ ประเภท เลขเรียก/บาร์โค้ด สถานที่ สถานะ
- ไม่พบข้อมูล -

รายการใกล้เคียง
    ผู้แต่ง [อาจอง ชุมสาย ณ อยุธยา]

    หัวเรื่อง [นิทานสอนใจ]
    หัวเรื่อง [การดำเนินชีวิต]
    หัวเรื่อง [ความสำเร็จ]
    หัวเรื่อง [นิทานคติธรรม]

BibComment


ยังไม่เคยถูกคอมเมนท์

คอมเมนท์ทรัพยากรรายการนี้
  คอมเมนท์: ด้วยรักบันดาลนิท..


 Copyright 2026. Bcnsprnw @Library